Music Quiz

Random Music or Song Quiz

Song Title Endings III Quiz Stats

Quiz Updated Apr 16, 2015

Challenge
Share
Tweet
Embed
Score 0/40 Timer 04:00
14 Plays Today
% Correct
Go
95.4%
Door
95.2%
Want
94.8%
Bottle
94.4%
Enough
94%
Here
93.1%
Mia
93%
U.S.A.
92.7%
You
92.4%
Love
91.7%
Long
91.7%
Way
90.5%
World
90%
Mirror
89.4%
Places
88.6%
Fire
88.3%
Wind
88%
Life
86.7%
Sunday
86.3%
Nite
85.5%
% Correct
Tender
84.6%
Mind
84.4%
Magic
82.4%
Forever
82.3%
Case
81.9%
Things
80.6%
Wheel
78.5%
Girls
78%
Blues
76.7%
Cold
74%
Cry
69.3%
Space
68.7%
Rhonda
68%
Glass
67.9%
Limit
67%
Lie
64.4%
O'Riley
62%
Kicks
61.6%
California
58.6%
Sound
47.2%

You're not logged in!

Compare scores with friends on all Sporcle quizzes.
Join for Free
OR
Log In

You Might Also Like...

Show Comments

Extras

Top Quizzes Today


Score Distribution

Your Account Isn't Verified!

In order to create a playlist on Sporcle, you need to verify the email address you used during registration. Go to your Sporcle Settings to finish the process.

Report this User

Report this user for behavior that violates our Community Guidelines.

Details: